[Event "BL 1920 SV Hockenheim - Aachener SV"]
[Site "?"]
[Date "2019.11.23"]
[Round "1.2"]
[White "Fedoseev, Vladimir"]
[Black "Koch, Thomas"]
[Result "1-0"]
[WhiteElo "2664"]
[BlackElo "2474"]
[PlyCount "127"]
[EventDate "2019.??.??"]

1. d4 Nf6 2. c4 e6 3. a3 c5 4. e3 d5 5. Nc3 Nc6 6. dxc5 Bxc5 7. b4 Be7 8. Bb2
O-O 9. Nf3 dxc4 10. Bxc4 Qxd1+ 11. Rxd1 b6 12. Ke2 Bb7 13. Rd2 Rac8 14. Bd3
Rfd8 15. Rhd1 Nd5 16. Nxd5 Rxd5 17. h4 Rcd8 18. Rc1 Rxd3 19. Rxd3 Ba6 20. Ne1
Rd6 21. e4 Bd8 22. Ke3 Bxd3 23. Nxd3 Ne7 24. b5 f6 25. a4 Rd7 26. h5 Kf7 27.
Rd1 Ke8 28. f4 h6 29. g4 Bc7 30. Rg1 Bd8 31. Nb4 Rc7 32. Kd3 Rd7+ 33. Kc2 Bc7
34. Nd3 Kf7 35. g5 Rd8 36. g6+ Ke8 37. Bc3 Rd7 38. Rf1 Rd8 39. Nb4 Rc8 40. Kb3
Bd6 41. Na6 Bc5 42. f5 exf5 43. e5 Nd5 44. exf6 Nxf6 45. Bxf6 gxf6 46. Rxf5 Bd4
47. Rf3 Ke7 48. Nb4 Ke6 49. Nc6 Be5 50. Rd3 Bd6 51. Rf3 Be5 52. Rf1 a5 53. Kc4
Rc7 54. Rg1 Rc8 55. Kd3 Rg8 56. Rf1 Bb2 57. Re1+ Be5 58. Ke4 Bd6 59. Nd4+ Kd7
60. Kf5 Be5 61. Nc6 Bd6 62. Re6 Ba3 63. Rxf6 Bb2 64. Ne5+ 1-0

[Event "?"]
[Site "?"]
[Date "2020.02.08"]
[Round "5.1"]
[White "Malakhov, Vladimir"]
[Black "Bogner, Sebastian"]
[Result "1/2-1/2"]
[WhiteElo "2667"]
[BlackElo "2568"]
[PlyCount "113"]
[EventDate "2020.??.??"]

1. Nf3 d5 2. e3 Nf6 3. c4 c5 4. cxd5 Nxd5 5. Nc3 e6 6. Bc4 Be7 7. O-O O-O 8.
Qe2 Nc6 9. Rd1 Nb6 10. Bb5 Bd7 11. b3 a6 12. Bxc6 Bxc6 13. d4 Qc7 14. e4 cxd4
15. Nxd4 Rfd8 16. Bb2 Bf6 17. Qe3 Bxd4 18. Rxd4 Rxd4 19. Qxd4 e5 20. Qe3 Nd7
21. Rd1 f6 22. g3 Nf8 23. a4 Rd8 24. Nd5 Qf7 25. Qc5 Kh8 26. h4 Ne6 27. Qb6 Qh5
28. Re1 Qf3 29. Qe3 Qxe3 30. Rxe3 Bxd5 31. exd5 Rxd5 32. Bc3 Nc5 33. Bb4 Nd3
34. Bc3 Kg8 35. a5 Nc5 36. b4 Nd7 37. Kf1 h5 38. Re4 Nb8 39. f4 Nc6 40. fxe5
fxe5 41. g4 hxg4 42. Rxg4 Rd3 43. Rc4 Kf7 44. Ke2 Rh3 45. Kd2 g6 46. b5 axb5
47. Rc5 Rxh4 48. a6 Rc4 49. Rxc4 bxc4 50. axb7 Ke6 51. Ba5 Kd6 52. Kc3 g5 53.
Bd8 Nb8 54. Bxg5 Kc6 55. Kxc4 Kxb7 56. Kd5 Nc6 57. Bf6 1/2-1/2

[Event "BL 1920 FC Bayern München - SC Viernhe"]
[Site "?"]
[Date "2020.02.08"]
[Round "5.2"]
[White "Santos Ruiz, Miguel"]
[Black "Kryvoruchko, Yuriy"]
[Result "1/2-1/2"]
[WhiteElo "2589"]
[BlackElo "2685"]
[PlyCount "66"]
[EventDate "2020.??.??"]

1. d4 Nf6 2. c4 e6 3. Nc3 Bb4 4. Qc2 O-O 5. e4 d5 6. e5 Ne4 7. Bd3 c5 8. Nf3
cxd4 9. Nxd4 Nd7 10. Bf4 Qh4 11. g3 Qh5 12. O-O Bxc3 13. bxc3 g5 14. cxd5 exd5
15. Be3 Nxe5 16. f3 Nxd3 17. Qxd3 Nd6 18. g4 Qg6 19. Qxg6+ hxg6 20. Bxg5 f6 21.
Bf4 Nc4 22. Rfe1 Bd7 23. h4 Rfe8 24. Kf2 Kf7 25. Rxe8 Rxe8 26. Re1 Na3 27. Rxe8
Bxe8 28. Ke3 Ba4 29. Bb8 a6 30. Kd3 Bd1 31. Kd2 Ba4 32. Kd3 Bd1 33. Kd2 Ba4
1/2-1/2

[Event "BL 1920 FC Bayern München - SC Viernhe"]
[Site "?"]
[Date "2020.02.08"]
[Round "5.3"]
[White "Kovalenko, Igor"]
[Black "Dragnev, Valentin"]
[Result "1-0"]
[WhiteElo "2641"]
[BlackElo "2549"]
[PlyCount "133"]
[EventDate "2020.??.??"]

1. d4 Nf6 2. Nf3 d5 3. c4 e6 4. Nc3 c5 5. cxd5 Nxd5 6. e4 Nxc3 7. bxc3 cxd4 8.
cxd4 Bb4+ 9. Bd2 Bxd2+ 10. Qxd2 O-O 11. Bc4 Nd7 12. O-O b6 13. Rfe1 Bb7 14.
Rad1 Rc8 15. Bb3 Re8 16. h3 Nf6 17. Bc2 h6 18. Bb1 Qc7 19. Re3 Nd7 20. Nh2 Red8
21. Ng4 h5 22. Nh2 Ne5 23. Qe1 Nc4 24. Rc3 b5 25. Qe2 Qb6 26. Nf3 g6 27. Rb3 b4
28. Qe1 a5 29. Bd3 Na3 30. Qd2 Kg7 31. Qb2 Nc4 32. Bxc4 Rxc4 33. d5+ Kg8 34.
Qf6 Rd6 35. Ne5 Rc7 36. Nxg6 fxg6 37. Qxg6+ Rg7 38. Qe8+ Kh7 39. Qxh5+ Kg8 40.
Qe8+ Kh7 41. Rf3 Qd8 42. Qh5+ Kg8 43. Rf4 Qg5 44. Qe8+ Kh7 45. Rg4 Qh6 46.
Rxg7+ Qxg7 47. Qh5+ Qh6 48. Qe5 Rd7 49. Rd3 Rg7 50. dxe6 Bc6 51. g4 Qc1+ 52.
Kh2 Be8 53. Rd8 Qc2 54. Qg3 Qc6 55. Qh4+ Kg8 56. Qf6 a4 57. e5 Rb7 58. Qg6+ Kf8
59. Qf6+ Kg8 60. g5 b3 61. axb3 axb3 62. g6 b2 63. e7 Qxf6 64. exf6 Rxe7 65.
fxe7 b1=Q 66. Rxe8+ Kg7 67. Rg8+ 1-0

[Event "BL 1920 FC Bayern München - SC Viernhe"]
[Site "?"]
[Date "2020.02.08"]
[Round "5.4"]
[White "Georgiadis, Nico"]
[Black "Fedorchuk, Sergey A"]
[Result "1-0"]
[WhiteElo "2546"]
[BlackElo "2622"]
[PlyCount "73"]
[EventDate "2020.??.??"]

1. e4 c5 2. Nf3 e6 3. d4 cxd4 4. Nxd4 Nc6 5. Nc3 Qc7 6. Be3 a6 7. Qf3 Nf6 8.
O-O-O Be7 9. Kb1 d6 10. Nxc6 Qxc6 11. Be2 O-O 12. h4 Ne8 13. g4 b5 14. Bd3 Nc7
15. Qg3 b4 16. Ne2 Nb5 17. f4 Bd7 18. g5 Rfb8 19. Ka1 a5 20. h5 a4 21. Bc1 b3
22. c4 a3 23. cxb5 axb2+ 24. Bxb2 Rxa2+ 25. Kb1 Qa8 26. Rd2 Qa5 27. Nc3 Ra8 28.
Nxa2 bxa2+ 29. Ka1 Qxd2 30. g6 fxg6 31. hxg6 h6 32. Bc4 Bf6 33. e5 dxe5 34.
fxe5 Bg5 35. Qb3 Be8 36. Bxe6+ Kh8 37. Qf3 1-0

[Event "BL 1920 FC Bayern München - SC Viernhe"]
[Site "?"]
[Date "2020.02.08"]
[Round "5.5"]
[White "Maze, Sebastien"]
[Black "Studer, Noel"]
[Result "0-1"]
[WhiteElo "2550"]
[BlackElo "2546"]
[PlyCount "84"]
[EventDate "2020.??.??"]

1. e4 c5 2. Nf3 Nc6 3. Bb5 g6 4. O-O Bg7 5. Re1 e5 6. b4 Nxb4 7. Bb2 Qc7 8. c3
Nc6 9. d4 d6 10. Nbd2 a6 11. Bxc6+ Qxc6 12. a4 Ne7 13. d5 Qc7 14. Nc4 Bd7 15.
Nfxe5 b5 16. axb5 Bxb5 17. Na3 Bxe5 18. Nxb5 Qb8 19. f4 Bxf4 20. c4 O-O 21. Qf3
Be5 22. Bxe5 dxe5 23. Nc3 Nc8 24. Reb1 Qc7 25. Qf6 Nd6 26. Qxe5 Rfe8 27. Qf4
Qe7 28. Rf1 Ra7 29. Rfe1 Nxc4 30. h3 Kg7 31. Qf1 Ne5 32. Rxa6 Rxa6 33. Qxa6 Qg5
34. Qe2 Qg3 35. Rc1 Rb8 36. Rb1 Ra8 37. Nd1 Ra2 38. Rb2 Ra1 39. Rc2 Nd3 40. Rd2
Nf4 41. Qf1 Nxh3+ 42. Kh1 Ng5 0-1

[Event "BL 1920 FC Bayern München - SC Viernhe"]
[Site "?"]
[Date "2020.02.08"]
[Round "5.6"]
[White "Fedorovsky, Michael"]
[Black "Libiszewski, Fabien"]
[Result "1/2-1/2"]
[WhiteElo "2415"]
[BlackElo "2522"]
[PlyCount "103"]
[EventDate "2020.??.??"]

1. d4 Nf6 2. Nf3 g6 3. g3 Bg7 4. Bg2 O-O 5. O-O d6 6. b3 e5 7. dxe5 dxe5 8. Ba3
e4 9. Bxf8 Qxf8 10. Nd4 e3 11. fxe3 Ng4 12. Qd2 Qe7 13. Nc3 Qxe3+ 14. Qxe3 Nxe3
15. Ndb5 Na6 16. Rad1 Nxg2 17. Rd8+ Bf8 18. Nd5 Kg7 19. Nbxc7 Bc5+ 20. Kh1 Rb8
21. Nxa6 bxa6 22. Rxc8 Rxc8 23. Kxg2 f5 24. Rf4 Rd8 25. Nc7 Kf6 26. Rc4 Bb6 27.
Nxa6 Rd5 28. Nb4 Rd1 29. Nd3 Rg1+ 30. Kh3 g5 31. g4 h5 32. Rc6+ Kg7 33. gxf5
Bd8 34. Rg6+ Kh7 35. Ne5 g4+ 36. Nxg4 hxg4+ 37. Rxg4 Rf1 38. Rd4 Bb6 39. Rd7+
Kh6 40. Kg4 Rf2 41. Rd6+ Kg7 42. Re6 Rxh2 43. c4 Rg2+ 44. Kf4 Rf2+ 45. Ke5
Rxe2+ 46. Kd6 Rc2 47. Kc6 Kf7 48. Rd6 Bf2 49. Kb5 Rxa2 50. b4 Be1 51. Ra6 Rxa6
52. Kxa6 1/2-1/2

[Event "BL 1920 FC Bayern München - SC Viernhe"]
[Site "?"]
[Date "2020.02.08"]
[Round "5.7"]
[White "Meinhardt, Maximilian"]
[Black "Lokander, Martin"]
[Result "1/2-1/2"]
[WhiteElo "2375"]
[BlackElo "2404"]
[PlyCount "60"]
[EventDate "2020.??.??"]

1. e4 e5 2. Nf3 Nc6 3. Nc3 Nf6 4. d4 exd4 5. Nxd4 Bb4 6. Nxc6 bxc6 7. Bd3 d5 8.
exd5 O-O 9. O-O cxd5 10. h3 Re8 11. Qf3 Rb8 12. Bg5 Be7 13. Rae1 Be6 14. Ne2
Rxb2 15. Nf4 Ne4 16. Nxe6 fxe6 17. Bc1 Rb4 18. a3 Rb6 19. Bxe4 dxe4 20. Rxe4
Bf6 21. Qe2 Qd5 22. Rd1 Qb5 23. c4 Qc6 24. Bf4 Rb2 25. Qe3 Ra2 26. Re1 Rc2 27.
Qxa7 Bc3 28. R1e2 Rxe2 29. Rxe2 Qxc4 30. Qe3 Bd4 1/2-1/2

[Event "BL 1920 FC Bayern München - SC Viernhe"]
[Site "?"]
[Date "2020.02.08"]
[Round "5.8"]
[White "Ribli, Zoltan"]
[Black "Muetsch, Annmarie"]
[Result "1-0"]
[WhiteElo "2530"]
[BlackElo "2236"]
[PlyCount "73"]
[EventDate "2020.??.??"]

1. Nf3 Nf6 2. c4 g6 3. Nc3 Bg7 4. g3 O-O 5. Bg2 d6 6. O-O Nc6 7. d4 e5 8. d5
Nb8 9. e4 a5 10. Bg5 Na6 11. Qd2 Qe8 12. Rae1 Nd7 13. Bh6 Nb6 14. Bxg7 Kxg7 15.
b3 a4 16. Nh4 axb3 17. axb3 Nc5 18. Rb1 Bd7 19. Rfc1 Qe7 20. b4 Na6 21. Nd1 f5
22. exf5 Bxf5 23. Nxf5+ Rxf5 24. c5 Nd7 25. c6 bxc6 26. Rxc6 Nb6 27. Rbc1 Rf7
28. h4 Nb8 29. Rxc7 Qxc7 30. Rxc7 Rxc7 31. Ne3 Rf7 32. Bh3 N8d7 33. Be6 Rff8
34. Ng4 Rae8 35. h5 gxh5 36. Qg5+ Kh8 37. Nh6 1-0

[Event "BL 1920 BCA Augsburg - Aachener SV"]
[Site "?"]
[Date "2020.02.08"]
[Round "5.1"]
[White "Seel, Christian"]
[Black "Papp, Gabor"]
[Result "1/2-1/2"]
[WhiteElo "2478"]
[BlackElo "2593"]
[PlyCount "113"]
[EventDate "2020.??.??"]

1. Nf3 c5 2. c4 Nc6 3. Nc3 g6 4. e3 Nf6 5. d4 cxd4 6. exd4 d5 7. cxd5 Nxd5 8.
Qb3 e6 9. Nxd5 exd5 10. Bb5 Bg7 11. Qe3+ Be6 12. Bxc6+ bxc6 13. Qa3 Qe7 14.
Qxe7+ Kxe7 15. Bf4 f6 16. O-O g5 17. Bd2 a5 18. Rfc1 Kd7 19. a3 Bg4 20. Ne1 Be2
21. Nc2 Bd3 22. Ne1 Bc4 23. Nc2 Rhb8 24. Bc3 Bd3 25. Ne1 Be4 26. Rd1 Bg6 27.
Kf1 h6 28. Nd3 Bxd3+ 29. Rxd3 a4 30. Re1 Re8 31. Rf3 Rxe1+ 32. Kxe1 Re8+ 33.
Kd2 Re4 34. Kd3 h5 35. Re3 f5 36. f3 Rxe3+ 37. Kxe3 Bf8 38. h3 h4 39. Kd3 Kc8
40. Kc2 Kb7 41. b3 axb3+ 42. Kxb3 Bg7 43. a4 Bf6 44. Kc2 Ka6 45. Kd3 Be7 46.
Bd2 Bd8 47. Bb4 Bc7 48. Kc3 Bg3 49. Be7 Be1+ 50. Kc2 Ka5 51. Kb3 Bd2 52. Bd8+
Ka6 53. Kc2 Be3 54. Kc3 Bf4 55. Kd3 Bc1 56. Bc7 Kb7 57. Bd8 1/2-1/2

[Event "BL 1920 BCA Augsburg - Aachener SV"]
[Site "?"]
[Date "2020.02.08"]
[Round "5.2"]
[White "Prusikin, Michael"]
[Black "Koch, Thomas"]
[Result "1-0"]
[WhiteElo "2534"]
[BlackElo "2475"]
[PlyCount "75"]
[EventDate "2020.??.??"]

1. d4 Nf6 2. c4 e6 3. Nf3 Bb4+ 4. Nbd2 b6 5. a3 Bxd2+ 6. Bxd2 Bb7 7. Bg5 d6 8.
e3 Nbd7 9. Bd3 h6 10. Bh4 g5 11. Bg3 Qe7 12. b4 a5 13. O-O Ne4 14. d5 Nxg3 15.
hxg3 exd5 16. cxd5 Bxd5 17. Nd4 Bb7 18. Rc1 c5 19. Nf5 Qf6 20. f4 axb4 21. fxg5
Qe5 22. Bb5 d5 23. axb4 Ra2 24. bxc5 bxc5 25. Rxc5 Kd8 26. Bxd7 Kxd7 27. gxh6
Rxh6 28. Qb3 Rb2 29. Qa4+ Kd8 30. Rc2 Rxc2 31. Qxc2 Rb6 32. Qc5 Rc6 33. Qf8+
Qe8 34. Qb4 Rc7 35. Qh4+ Kd7 36. Qf4 Qf8 37. Nd4 Ba6 38. Qxc7+ 1-0

[Event "BL 1920 BCA Augsburg - Aachener SV"]
[Site "?"]
[Date "2020.02.08"]
[Round "5.3"]
[White "Vandenbussche, Thibaut"]
[Black "Rozentalis, Eduardas"]
[Result "1/2-1/2"]
[WhiteElo "2432"]
[BlackElo "2534"]
[PlyCount "70"]
[EventDate "2020.??.??"]

1. e4 c6 2. Nf3 d5 3. Nc3 Bg4 4. h3 Bxf3 5. Qxf3 e6 6. d4 Nf6 7. Bd3 dxe4 8.
Nxe4 Nbd7 9. c3 Nxe4 10. Qxe4 Nf6 11. Qe2 Be7 12. Bf4 Nd5 13. Be5 Bf6 14. g3
Bxe5 15. Qxe5 Qf6 16. Qe2 O-O-O 17. O-O-O g5 18. h4 h6 19. Be4 Ne7 20. Rd3 Qg7
21. Rf3 Rde8 22. Bc2 Nd5 23. Qe5 f6 24. Qd6 gxh4 25. Rxh4 Qg5+ 26. Kb1 f5 27.
Rh1 h5 28. Re1 Nc7 29. Bb3 Rh6 30. Rfe3 Qf6 31. a4 a6 32. Ka1 Re7 33. Re5 Re8
34. Bc4 Qd8 35. Qc5 h4 1/2-1/2

[Event "BL 1920 BCA Augsburg - Aachener SV"]
[Site "?"]
[Date "2020.02.08"]
[Round "5.4"]
[White "Arnaudov, G. Petar"]
[Black "Piceu, Tom"]
[Result "1-0"]
[WhiteElo "2473"]
[BlackElo "2347"]
[PlyCount "61"]
[EventDate "2020.??.??"]

1. Nf3 d5 2. g3 Nf6 3. Bg2 c5 4. O-O Nc6 5. d4 e6 6. c4 dxc4 7. Ne5 Nxe5 8.
dxe5 Qxd1 9. Rxd1 Nd5 10. Na3 Bd7 11. Nxc4 O-O-O 12. Bg5 Re8 13. Rac1 h6 14.
Bd2 f6 15. e4 Nb6 16. Nd6+ Bxd6 17. exd6 Bc6 18. Rxc5 Kd7 19. Be3 Rd8 20. b3
Nc8 21. f4 Nb6 22. a4 Ke8 23. Rc2 Rf8 24. a5 Nd7 25. a6 Rf7 26. axb7 Bxb7 27.
Bxa7 e5 28. Rc7 Nf8 29. Rxf7 Kxf7 30. Bb6 Rd7 31. fxe5 1-0

[Event "BL 1920 BCA Augsburg - Aachener SV"]
[Site "?"]
[Date "2020.02.08"]
[Round "5.5"]
[White "Klein, Felix"]
[Black "Schmittdiel, Eckhard"]
[Result "0-1"]
[WhiteElo "2304"]
[BlackElo "2399"]
[PlyCount "146"]
[EventDate "2020.??.??"]

1. e4 e6 2. d4 d5 3. Nc3 Nf6 4. e5 Nfd7 5. f4 a6 6. Nf3 b5 7. f5 exf5 8. a4 Nb6
9. axb5 Be7 10. bxa6 O-O 11. a7 Nc6 12. Bd3 Be6 13. O-O Nb4 14. Be2 Nc8 15. Be3
Nxa7 16. Nb1 Nbc6 17. c3 Qb8 18. Qc2 Nc8 19. Nbd2 Rxa1 20. Rxa1 Nb6 21. b4 Na7
22. Bd3 g6 23. Bg5 Bxg5 24. Nxg5 Bd7 25. Nb3 Ba4 26. Qa2 Qd8 27. Nf3 Bxb3 28.
Qxb3 Nc6 29. Qc2 Qe7 30. Qd2 Nd8 31. Qh6 Ne6 32. h4 Ra8 33. Rxa8+ Nxa8 34. Qd2
Nb6 35. Qa2 Qd7 36. Qa3 Kg7 37. Kh2 f4 38. Qb3 h6 39. Qa3 Nf8 40. Qb3 Qa4 41.
Qb1 Qa3 42. h5 Qxc3 43. hxg6 fxg6 44. e6 Nxe6 45. Bxg6 Nxd4 46. Bh5 Nxf3+ 47.
Bxf3 Qe5 48. Qc2 Nc4 49. Qa4 Qd6 50. Qa8 Ne3 51. b5 d4 52. Qa1 Nc4 53. Kh1 Ne5
54. Be4 Qb4 55. Qc1 Qe7 56. Qxf4 Qg5 57. g3 d3 58. Qxg5+ hxg5 59. Kg2 d2 60.
Bc2 Nc4 61. Kf2 Kf6 62. Ke2 Ke5 63. Kd3 d1=Q+ 64. Bxd1 Nb2+ 65. Kc2 Nxd1 66.
Kxd1 Kd4 67. Ke2 Kc4 68. Kf3 Kxb5 69. Kg4 c5 70. Kxg5 c4 71. Kf4 c3 72. Ke3 Kb4
73. g4 Kb3 0-1

[Event "BL 1920 BCA Augsburg - Aachener SV"]
[Site "?"]
[Date "2020.02.08"]
[Round "5.6"]
[White "Pitl, Gregory"]
[Black "Lemmers, Oscar"]
[Result "1-0"]
[WhiteElo "2376"]
[BlackElo "2352"]
[PlyCount "91"]
[EventDate "2020.??.??"]

1. e4 c5 2. Nf3 e6 3. d4 cxd4 4. Nxd4 a6 5. c4 Nf6 6. Nc3 Qc7 7. a3 b6 8. Be3
Bb7 9. f3 Be7 10. Rc1 O-O 11. b4 d6 12. Be2 Nbd7 13. O-O Rac8 14. Nb3 Qb8 15.
Qd2 Ne5 16. Na4 b5 17. Nb6 Rcd8 18. cxb5 d5 19. bxa6 dxe4 20. Qc3 exf3 21. gxf3
Bxa6 22. Bxa6 Bd6 23. Rc2 Nxf3+ 24. Rxf3 Ng4 25. Bc5 Bxh2+ 26. Kg2 Bd6 27. Bg1
h5 28. Na5 Bh2 29. Nc6 Qd6 30. Bf1 Bxg1 31. Kxg1 Rde8 32. b5 e5 33. Qd3 Qh6 34.
Qf5 e4 35. Rh3 Ne3 36. Rxh5 Nxf5 37. Rxh6 gxh6 38. Nd7 Ne3 39. Re2 Nd5 40. Rd2
Nf4 41. Nf6+ Kg7 42. Nxe8+ Rxe8 43. Rb2 e3 44. b6 e2 45. Bxe2 Nxe2+ 46. Kh2 1-0

[Event "BL 1920 BCA Augsburg - Aachener SV"]
[Site "?"]
[Date "2020.02.08"]
[Round "5.7"]
[White "Meessen, Rudolf"]
[Black "Zeller, Frank"]
[Result "1-0"]
[WhiteElo "2255"]
[BlackElo "2355"]
[PlyCount "71"]
[EventDate "2020.??.??"]

1. d4 Nf6 2. c4 e6 3. Nc3 c5 4. d5 exd5 5. cxd5 d6 6. e4 g6 7. Nge2 Bg7 8. Ng3
a6 9. a4 h5 10. Be2 Nbd7 11. O-O h4 12. Nh1 h3 13. g4 c4 14. Ng3 Ne5 15. g5 Nh5
16. f4 Qb6+ 17. Kh1 Nd3 18. Bxd3 cxd3 19. a5 Qc7 20. Qxd3 Bg4 21. Be3 Rc8 22.
Nxh5 Rxh5 23. Bd4 Bxd4 24. Qxd4 Qc4 25. Qg1 Be2 26. Rf2 Bd3 27. Re1 Qd4 28. Rd2
Qxg1+ 29. Kxg1 Bc4 30. Kf2 Bb3 31. Re3 Kf8 32. Rd4 Rc4 33. Rxc4 Bxc4 34. Nd1
Bb5 35. Rc3 Kg7 36. Rc7 1-0

[Event "BL 1920 BCA Augsburg - Aachener SV"]
[Site "?"]
[Date "2020.02.08"]
[Round "5.8"]
[White "Rupprecht, Andreas"]
[Black "Begnis, Nikolaos"]
[Result "1-0"]
[WhiteElo "2386"]
[BlackElo "2271"]
[PlyCount "101"]
[EventDate "2020.??.??"]

1. e4 c5 2. c3 e6 3. d4 d5 4. exd5 exd5 5. Nf3 Nc6 6. Bb5 Bd6 7. dxc5 Bxc5 8.
O-O Nge7 9. Nbd2 O-O 10. Nb3 Bb6 11. Re1 Nf5 12. Bd3 h6 13. Bc2 Be6 14. Qd3 Qf6
15. Be3 Bxe3 16. fxe3 g6 17. Nc5 Nd6 18. Nxe6 Qxe6 19. Bb3 Ne7 20. Rad1 Nc4 21.
Nd4 Qa6 22. Re2 Rad8 23. e4 Nb6 24. Qf3 Nc4 25. exd5 Nxd5 26. Rf2 b5 27. Nf5
gxf5 28. Rxd5 Rxd5 29. Qxd5 Ne3 30. Qd4 Re8 31. Qd7 Rf8 32. Rf3 Qb6 33. Kh1 Qc5
34. Bxf7+ Rxf7 35. Qe8+ Kg7 36. Rxe3 f4 37. Re1 Qd5 38. Qe2 a6 39. a3 Rd7 40.
Qg4+ Kh7 41. Qxf4 Rf7 42. Qe3 Rg7 43. Qe2 Rf7 44. h3 Rd7 45. Rf1 Rg7 46. Rf6
Qg5 47. Qe4+ Kh8 48. Rf8+ Rg8 49. Rf7 Rg7 50. Rxg7 Kxg7 51. Qg4 1-0

[Event "BL 1920 SG Turm Kiel - OSG Baden-Baden"]
[Site "?"]
[Date "2020.02.08"]
[Round "5.1"]
[White "Rapport, Richard"]
[Black "Khenkin, Igor"]
[Result "1/2-1/2"]
[WhiteElo "2758"]
[BlackElo "2553"]
[PlyCount "82"]
[EventDate "2020.??.??"]

1. e4 c6 2. Nf3 d5 3. d3 dxe4 4. dxe4 Qxd1+ 5. Kxd1 Bg4 6. Nbd2 Nd7 7. h3 Bh5
8. g4 Bg6 9. Nh4 e5 10. f3 Be7 11. Nxg6 hxg6 12. Nc4 Ngf6 13. c3 a5 14. a4 Nh7
15. f4 exf4 16. Bxf4 Ng5 17. Kc2 Ne6 18. Nd6+ Bxd6 19. Bxd6 Nf6 20. Bc4 Nxe4
21. Be5 O-O-O 22. Rae1 N4c5 23. h4 Rd7 24. h5 gxh5 25. gxh5 Nxa4 26. Ra1 Nb6
27. Bxe6 fxe6 28. Rxa5 Rh7 29. Bd4 Kc7 30. Rg5 Nc4 31. b3 e5 32. Bc5 b6 33. Bg1
Nd2 34. Be3 Nf3 35. Rg4 b5 36. Rg6 Rd6 37. Rxd6 Kxd6 38. Kd3 Kd5 39. c4+ bxc4+
40. bxc4+ Kd6 41. Ke4 Nd4 1/2-1/2

[Event "BL 1920 SG Turm Kiel - OSG Baden-Baden"]
[Site "?"]
[Date "2020.02.08"]
[Round "5.2"]
[White "Thybo, Jesper Sondergaard"]
[Black "Vallejo Pons, Francisco"]
[Result "1/2-1/2"]
[WhiteElo "2592"]
[BlackElo "2704"]
[PlyCount "49"]
[EventDate "2020.??.??"]

1. d4 e6 2. c4 b6 3. e4 Bb4+ 4. Bd2 Bxd2+ 5. Qxd2 d5 6. Bd3 Ba6 7. cxd5 exd5 8.
Nc3 Ne7 9. e5 c5 10. f4 O-O 11. Nf3 Bxd3 12. Qxd3 Nbc6 13. O-O Qd7 14. Ng5 Qf5
15. Qxf5 Nxf5 16. dxc5 Ne3 17. Rfc1 bxc5 18. Nd1 Nxd1 19. Rxc5 Nxb2 20. Rxc6 d4
21. Rb1 Rab8 22. e6 fxe6 23. Nxe6 Rf6 24. Nxd4 Rxf4 25. Ne6 1/2-1/2

[Event "BL 1920 SG Turm Kiel - OSG Baden-Baden"]
[Site "?"]
[Date "2020.02.08"]
[Round "5.3"]
[White "Naiditsch, Arkadij"]
[Black "Bjerre, Jonas Buhl"]
[Result "1/2-1/2"]
[WhiteElo "2622"]
[BlackElo "2530"]
[PlyCount "89"]
[EventDate "2020.??.??"]

1. e4 c5 2. Nf3 d6 3. d4 cxd4 4. Nxd4 Nf6 5. Nc3 a6 6. g3 e5 7. Nb3 Be7 8. Bg2
b5 9. Nd5 Nxd5 10. Qxd5 Ra7 11. Be3 Be6 12. Qd2 Rd7 13. O-O-O Nc6 14. f4 O-O
15. Kb1 a5 16. f5 Bc4 17. g4 a4 18. Nc5 Rc7 19. Na6 Rb7 20. g5 Qa8 21. Nb4 Nxb4
22. Qxb4 d5 23. Bc5 Bxc5 24. Qxc5 Rc8 25. Qb4 d4 26. Rd2 Rbc7 27. a3 Rc5 28.
Re1 Qc6 29. h4 Rd8 30. h5 Rc8 31. Rf2 d3 32. c3 Bb3 33. g6 fxg6 34. fxg6 hxg6
35. h6 gxh6 36. Ref1 Rd8 37. c4 Qc7 38. Qd2 Kg7 39. Rf7+ Qxf7 40. Rxf7+ Kxf7
41. Qf2+ Kg8 42. Qf6 Rd7 43. Qxg6+ Rg7 44. Qe6+ Kh7 45. Qf5+ 1/2-1/2

[Event "BL 1920 SG Turm Kiel - OSG Baden-Baden"]
[Site "?"]
[Date "2020.02.08"]
[Round "5.4"]
[White "Gavrilescu, David"]
[Black "Bacrot, Etienne"]
[Result "1/2-1/2"]
[WhiteElo "2455"]
[BlackElo "2679"]
[PlyCount "39"]
[EventDate "2020.??.??"]

1. e4 e5 2. Nf3 Nf6 3. Nxe5 d6 4. Nf3 Nxe4 5. Nc3 Nxc3 6. dxc3 Be7 7. Be3 O-O
8. Qd2 Nd7 9. O-O-O Nf6 10. h4 c5 11. Bd3 Qa5 12. a3 d5 13. Bg5 c4 14. Be2 Rd8
15. Qe3 Bc5 16. Qf4 Bd6 17. Qd4 Bc5 18. Qf4 Bd6 19. Qd4 Bc5 20. Qf4 1/2-1/2

[Event "BL 1920 SG Turm Kiel - OSG Baden-Baden"]
[Site "?"]
[Date "2020.02.08"]
[Round "5.6"]
[White "Junge, Ralph"]
[Black "Shirov, Alexei"]
[Result "0-1"]
[WhiteElo "2259"]
[BlackElo "2672"]
[PlyCount "90"]
[EventDate "2020.??.??"]

1. d4 Nf6 2. c4 e6 3. Nc3 Bb4 4. e3 c5 5. Nge2 b6 6. a3 Ba5 7. Rb1 Na6 8. Bd2
O-O 9. dxc5 bxc5 10. Nf4 Nc7 11. b4 Bb6 12. Nd3 d6 13. Be2 Ba6 14. Qb3 Rb8 15.
b5 Bb7 16. O-O Nd7 17. Na4 Qg5 18. f3 d5 19. Nxb6 axb6 20. Rfd1 Rbd8 21. e4 Qe7
22. Nf2 Ne5 23. a4 f5 24. Bf4 Nxc4 25. Bxc7 Qxc7 26. Bxc4 fxe4 27. Be2 c4 28.
Qe3 e5 29. fxe4 d4 30. Qg3 c3 31. Rb4 Rf6 32. Rc4 Qe7 33. Qh4 Rdf8 34. Bf3 Qf7
35. Rb4 Rxf3 36. gxf3 Qxf3 37. Rf1 Rf6 38. h3 c2 39. Kh2 Qe2 40. Kg1 Qxf1+ 41.
Kxf1 c1=Q+ 42. Ke2 Qc2+ 43. Kf1 Qd1+ 44. Kg2 Rg6+ 45. Kh2 Qg1# 0-1

[Event "BL 1920 SG Turm Kiel - OSG Baden-Baden"]
[Site "?"]
[Date "2020.02.08"]
[Round "5.7"]
[White "Movsesian, Sergei"]
[Black "Parvanyan, Ashot"]
[Result "1-0"]
[WhiteElo "2644"]
[BlackElo "2451"]
[PlyCount "80"]
[EventDate "2020.??.??"]

1. Nf3 Nf6 2. g3 g6 3. Bg2 Bg7 4. O-O O-O 5. d4 d6 6. a4 Nc6 7. a5 e5 8. a6 Qe7
9. c3 e4 10. axb7 Bxb7 11. Nfd2 a5 12. f3 exf3 13. Bxf3 Nd8 14. Nc4 Bxf3 15.
exf3 Nb7 16. Re1 Qd7 17. Be3 a4 18. Nbd2 Nd5 19. Bf2 h5 20. Qc2 Qc6 21. Kg2 Bh6
22. Re2 Nb6 23. Nxb6 cxb6 24. d5 Qxd5 25. Ne4 Qf5 26. c4 Bg7 27. Rxa4 Rac8 28.
Ra7 Na5 29. Nxd6 Qxc2 30. Rxc2 Rc6 31. b4 Nxc4 32. Nxc4 Rfc8 33. Bc5 bxc5 34.
b5 Re6 35. b6 Rb8 36. b7 Kh7 37. Na5 Bd4 38. Ra8 Ree8 39. Rxb8 Rxb8 40. Rc1 Re8
1-0

[Event "BL 1920 SG Turm Kiel - OSG Baden-Baden"]
[Site "?"]
[Date "2020.02.08"]
[Round "5.8"]
[White "Pajeken, Jakob Leon"]
[Black "Gustafsson, Jan"]
[Result "0-1"]
[WhiteElo "2352"]
[BlackElo "2642"]
[PlyCount "76"]
[EventDate "2020.??.??"]

1. d4 Nf6 2. Nf3 d5 3. c4 c6 4. Nbd2 Bf5 5. Nh4 Be4 6. f3 Bg6 7. Qb3 Qc7 8. e3
e6 9. g3 c5 10. cxd5 exd5 11. Bb5+ Nc6 12. O-O c4 13. Qa4 Bd3 14. Re1 a6 15. e4
O-O-O 16. Bxc6 Qxc6 17. Qxc6+ bxc6 18. e5 Ne8 19. Nf1 c5 20. Be3 Nc7 21. Rec1
cxd4 22. Bxd4 Ne6 23. Bf2 g5 24. Ng2 Bg7 25. f4 Rhg8 26. Nfe3 gxf4 27. gxf4 Bh6
28. Bg3 Nxf4 29. Nxf4 Bxf4 30. Kf2 Rxg3 31. hxg3 Bxe5 32. Rh1 Bxb2 33. Rad1 Re8
34. Nxd5 Bd4+ 35. Kg2 Be4+ 36. Kh2 Bxh1 37. Rxd4 Bxd5 38. Rxd5 Re7 0-1

[Event "BL 1920 Hamburger SK - Schachfreunde De"]
[Site "?"]
[Date "2020.02.08"]
[Round "5.2"]
[White "Kempinski, Robert"]
[Black "Heimann, Andreas"]
[Result "1/2-1/2"]
[WhiteElo "2578"]
[BlackElo "2627"]
[PlyCount "56"]
[EventDate "2020.??.??"]

1. d4 Nf6 2. c4 e6 3. Nf3 d5 4. Nc3 Bb4 5. Qa4+ Nc6 6. e3 O-O 7. Qc2 Re8 8. Bd2
Bf8 9. a3 e5 10. dxe5 Nxe5 11. Nxe5 Rxe5 12. cxd5 Bf5 13. Bd3 Bxd3 14. Qxd3
Nxd5 15. O-O-O Nxc3 16. Bxc3 Qxd3 17. Rxd3 Ree8 18. Rhd1 Bd6 19. Kd2 f6 20. Ke2
Kf7 21. h3 Re6 22. g4 Rae8 23. Kf3 b6 24. Rd5 Be5 25. Bxe5 Rxe5 26. Rxe5 Rxe5
27. Rd7+ Re7 28. Rd8 a5 1/2-1/2

[Event "BL 1920 Hamburger SK - Schachfreunde De"]
[Site "?"]
[Date "2020.02.08"]
[Round "5.3"]
[White "Meier, Georg"]
[Black "Engel, Luis"]
[Result "1/2-1/2"]
[WhiteElo "2622"]
[BlackElo "2545"]
[PlyCount "61"]
[EventDate "2020.??.??"]

1. Nf3 d5 2. g3 g6 3. d4 Bg7 4. Bg2 Nd7 5. O-O Ngf6 6. a4 a5 7. b3 O-O 8. c4 b6
9. Nc3 Bb7 10. Ba3 c5 11. cxd5 Nxd5 12. Nxd5 Bxd5 13. Rc1 Rc8 14. dxc5 Nxc5 15.
Bxc5 Rxc5 16. Rxc5 bxc5 17. Nd2 Be6 18. Qc2 Qd4 19. Rc1 Rb8 20. Nc4 Bxc4 21.
Qxc4 Qxc4 22. Rxc4 Rxb3 23. Rxc5 Bc3 24. Bc6 Bb4 25. Rc2 Kg7 26. Kg2 Kf6 27. h4
h5 28. Rc4 Bd6 29. Rc2 Bb4 30. Rc4 Bd6 31. Rc2 1/2-1/2